Occupation and The Social Structure. (Record no. 288)

MARC details
005 - DATE AND TIME OF LATEST TRANSACTION
control field 20250619151542.0
020 ## - INTERNATIONAL STANDARD BOOK NUMBER
International Standard Book Number 0-13-629345-X
082 ## - DEWEY DECIMAL CLASSIFICATION NUMBER
Classification number 301. 444 HAL
100 ## - MAIN ENTRY--PERSONAL NAME
Author name HALL, R. H.
245 ## - TITLE STATEMENT
Title Occupation and The Social Structure.
250 ## - EDITION STATEMENT
Edition statement 2nd Ed.
260 ## - PUBLICATION, DISTRIBUTION, ETC.
Place of publication, distribution, etc. London,
Name of publisher, distributor, etc. Prentice Hall,
Date of publication, distribution, etc. 1975.
300 ## - PHYSICAL DESCRIPTION
Extent xii, 371p.: ill.; table
Other physical details Bibliography, Index & Reference.
Dimensions 24cm.
942 ## - ADDED ENTRY ELEMENTS (KOHA)
Source of classification or shelving scheme Dewey Decimal Classification
Koha item type Books
Holdings
Date last seen Total checkouts Full call number Barcode Cost, replacement price Price effective from Koha item type Lost status Source of classification or shelving scheme Damaged status Not for loan Withdrawn status Home library Current library Shelving location Date acquired Cost, normal purchase price
03/10/2025   301.444 HAL 0000001048 30000.00 03/10/2025 Books   Dewey Decimal Classification       College of Business Education Main Library College of Business Education Main Library General Collection 03/10/2025 10000.00